[Event "WCh-Women"]
[Site "Nalchik RUS"]
[Date "2008.09.02"]
[Round "2.2"]
[White "Amura, C."]
[Black "Ruan Lufei"]
[Result "0-1"]
[WhiteElo "2345"]
[BlackElo "2499"]
[PlyCount "76"]
[EventDate "2008.08.29"]

1. d4 d5 2. c4 c6 3. e3 Nf6 4. Qc2 g6 5. Bd3 Bg7 6. Nf3 O-O 7. O-O Nbd7 8. b3
b6 9. Bb2 Bb7 10. Nc3 Rc8 11. Qe2 e6 12. Rfd1 Re8 13. Ne5 Nxe5 14. dxe5 Nd7 15.
f4 Qh4 16. cxd5 exd5 17. Ba6 Bxa6 18. Qxa6 Rc7 19. Rac1 Nxe5 20. fxe5 Bxe5 21.
h3 Qg3 22. Qd3 Re6 23. Rf1 Qh2+ 24. Kf2 Bg3+ 25. Ke2 Qxg2+ 26. Kd1 Qxb2 27. Rc2
Qa3 28. e4 Be5 29. exd5 Rd7 30. Rd2 Ree7 31. Rf3 Qa5 32. d6 Rxd6 33. Qxd6 Bxd6
34. Rxd6 Qc5 35. Rfd3 Re3 36. Kc2 Re2+ 37. Rd2 Qf5+ 38. R6d3 Re3 0-1